ՀՀ Գիտությունների ազգային ակադեմիայի հիմնարար գիտական գրադարան  =   Fundamental Scientific Library of NAS RA

Сорта плодовых субтропических орехоплодных культур и ягод / (Record no. 468688)

MARC details
000 -LEADER
fixed length control field 00998nam a2200241 a 4500
001 - CONTROL NUMBER
control field 000874531
003 - CONTROL NUMBER IDENTIFIER
control field AM-YeHGA
005 - DATE AND TIME OF LATEST TRANSACTION
control field 20250617161302.0
008 - FIXED-LENGTH DATA ELEMENTS--GENERAL INFORMATION
fixed length control field 120315s1968 uz r 000 0 rus d
040 ## - CATALOGING SOURCE
Original cataloging agency AM-YeHGA
041 0# - LANGUAGE CODE
Language code of text/sound track or separate title rus
090 ## - LOCALLY ASSIGNED LC-TYPE CALL NUMBER (OCLC); LOCAL CALL NUMBER (RLIN)
-- 471932
245 00 - TITLE STATEMENT
Title Сорта плодовых субтропических орехоплодных культур и ягод /
Statement of responsibility, etc. М.М. Мирзаев, В.В. Кузнецов, А.С. Череватенко и др.; Под ред. : В.В. Кузнецова.
260 ## - PUBLICATION, DISTRIBUTION, ETC.
Place of publication, distribution, etc. Ташкент :
Name of publisher, distributor, etc. Узбекистан,
Date of publication, distribution, etc. 1968.
300 ## - PHYSICAL DESCRIPTION
Extent 280 с. :
Other physical details 17 вкл. л. цв. рис. ;
Dimensions 25 см.
650 14 - SUBJECT ADDED ENTRY--TOPICAL TERM
Topical term or geographic name entry element Плодоводство
650 14 - SUBJECT ADDED ENTRY--TOPICAL TERM
Topical term or geographic name entry element Субтропические культуры
650 14 - SUBJECT ADDED ENTRY--TOPICAL TERM
Topical term or geographic name entry element Орехоплодные культуры
650 14 - SUBJECT ADDED ENTRY--TOPICAL TERM
Topical term or geographic name entry element Ягодоводство
700 1# - ADDED ENTRY--PERSONAL NAME
Personal name Мирзаев, М.М.
700 1# - ADDED ENTRY--PERSONAL NAME
Personal name Кузнецов, В.В.
Relator term авт., ред.
Relationship aut
-- edt
700 1# - ADDED ENTRY--PERSONAL NAME
Personal name Череватенко, А.С.
Holdings
Withdrawn status Lost status Source of classification or shelving scheme Damaged status Not for loan Collection Home library Current library Date acquired Total checkouts Full call number Barcode Date last seen Price effective from Koha item type Public note
    Universal Decimal Classification     General Fundamental Scientific Library Fundamental Scientific Library 16/03/2018   PIII/29192 FL0489900 16/03/2018 16/03/2018 Գրքեր / Books 30 Days Loan


ՀՀ ԳԱԱ հիմնարար գիտական գրադարան
ՀՀ,Երևան 0019
Մարշալ Բաղրամյան 24/6
հեռախոս:(374-10) 52-47-50
Հետադարձ կապ

All site content, except where otherwise noted, is licensed under a
Creative Commons License